000 00880nam a22002057a 4500
999 _c13291
_d13291
003 AR-CdUCM
008 190411b ||||| |||| 00| 0 spa d
040 _aMUNICIPALIDAD PROVINCIAL DEL CUSCO
_cBIBLIOTECA MUNICIPAL DEL CUSCO
082 _a340.5 /
_bP87 / 1988
110 _aColegio de Abogados del Cusco
_931632
245 _aProntuario de acciones del código civil vigente :
_bDirectivas jurisdiccionales 1986-1987 del fuero de trabajo i comunidades laborales /
260 _aCusco :
_bLa amistad,
_c1988.
300 _a84 paginas ;
_c20 cm.
505 _aContenido : Prontuario de acciones del código civil vigente -- Directivas jurisdiccionales 1986-1987 -- Estatuto del ilustre colegio de abogados del Cusco.
650 _aColegio de abogados
_931633
650 _aProntuarios
_931634
650 _aEstatuto
_931625
942 _2ddc
_cLIBROS
945 _awnts
_d2019-04-11